00254nam a2200097Ia 4500008004100000245003100041260000900072300003000081440002400111650002100135180117s9999 xx 000 0 und d aThis week Arts and Culture c2017 a16-18 pages, 2017 July 16 aPhilippine Panorama aARTS AND CULTURE